[Event "Catalunya-ch"]
[Site "Salou"]
[Date "2025.05.24"]
[Round "4.4"]
[White "Gines Esteo, Pedro Antonio"]
[Black "Garriga Cazorla, Pere"]
[Result "1-0"]
[WhiteElo "2471"]
[BlackElo "2484"]
[PlyCount "87"]
[EventDate "2025.05.17"]
[EventType "k.o."]
[EventRounds "4"]
[EventCountry "ESP"]
[SourceTitle "CB22_2025"]
[SourceDate "2025.05.28"]
[SourceVersion "1"]
[SourceVersionDate "2025.05.28"]
[SourceQuality "1"]

1. c4 Nf6 2. Nc3 c5 3. Nf3 d5 4. cxd5 Nxd5 5. Ne5 e6 6. e4 Nc7 7. Qf3 Qf6 8. Nb5 Qxe5 9. d4 cxd4 10. Bf4 Qxb5 11. Bxb5+ Nxb5 12. Qg3 Bb4+ 13. Kf1 Nd7 14. a4 0-0 15. Bh6 g6 16. Bxf8 Bxf8 17. axb5 Nc5 18. h4 h5 19. b6 a6 20. Rd1 e5 21. Qxe5 Be6 22. Qxd4 Rc8 23. Qe3 Nd7 24. Rc1 Rd8 25. Ke2 Re8 26. Rhd1 Ne5 27. f3 Bc4+ 28. Kf2 Kh7 29. Qd4 Bb5 30. Rc7 Bc6 31. Rc1 Bg7 32. Kg3 Re6 33. Qd8 Bf6 34. Qf8 Bg7 35. Rxf7 Nxf7 36. Qxf7 Rd6 37. Rxc6 Rxc6 38. Qxb7 Rc2 39. Qa7 Rxb2 40. b7 Be5+ 41. f4 Rb3+ 42. Kf2 Rb2+ 43. Ke3 Rb3+ 44. Ke2 1-0

[Event "Catalunya-ch"]
[Site "Salou"]
[Date "2025.05.24"]
[Round "4.6"]
[White "Gines Esteo, Pedro Antonio"]
[Black "Garriga Cazorla, Pere"]
[Result "1/2-1/2"]
[WhiteElo "2471"]
[BlackElo "2484"]
[PlyCount "138"]
[EventDate "2025.05.17"]
[EventType "k.o."]
[EventRounds "4"]
[EventCountry "ESP"]
[SourceTitle "CB22_2025"]
[SourceDate "2025.05.28"]
[SourceVersion "1"]
[SourceVersionDate "2025.05.28"]
[SourceQuality "1"]

1. c4 c5 2. Nc3 Nf6 3. Nf3 g6 4. e4 Nc6 5. d4 cxd4 6. Nxd4 d6 7. Be2 Bg7 8. Be3 0-0 9. Nc2 Be6 10. 0-0 Rc8 11. Qd2 a6 12. Rad1 Na5 13. b3 b5 14. e5 Nd7 15. exd6 bxc4 16. b4 Nc6 17. Bg5 Nf6 18. dxe7 Qxe7 19. Qf4 Qc7 20. Qxc7 Rxc7 21. Bf4 Rb7 22. Bf3 Nxb4 23. Bxb7 Nxc2 24. Bxa6 Nh5 25. Bd2 Ra8 26. Bb5 Nd4 27. a4 Nb3 28. Ne4 Nxd2 29. Rxd2 c3 30. Rc2 Bf5 31. f3 Nf6 32. Re1 Nxe4 33. fxe4 Bd4+ 34. Kf1 Be6 35. Rec1 Bb3 36. Rxc3 Bxc3 37. Rxc3 Bxa4 38. Bd3 Bd7 39. Kf2 Be6 40. Kg3 Kg7 41. Be2 h5 42. h4 Ra5 43. Bf3 Kf6 44. Rc6 Ke5 45. Rb6 Rc5 46. Rb7 Ra5 47. Kf2 Ra2+ 48. Kg3 Ra5 49. Rc7 Rb5 50. Rc1 Ra5 51. Rf1 Ra3 52. Re1 Ra5 53. Rd1 Ra3 54. Rd2 Ra5 55. Kf2 Ra2 56. Rxa2 Bxa2 57. Ke3 Be6 58. Be2 f6 59. Bb5 Bf7 60. Bc6 g5 61. g3 Bg6 62. Bd5 gxh4 63. gxh4 f5 64. exf5 Bxf5 65. Bf7 Kf6 66. Bxh5 Kg7 67. Kf4 Bb1 68. Kg5 Kh8 69. Bg4 Bc2 1/2-1/2

[Event "Catalunya-ch"]
[Site "Salou"]
[Date "2025.05.23"]
[Round "4.2"]
[White "Garriga Cazorla, Pere"]
[Black "Gines Esteo, Pedro Antonio"]
[Result "1-0"]
[WhiteElo "2484"]
[BlackElo "2471"]
[PlyCount "105"]
[EventDate "2025.05.17"]
[EventType "k.o."]
[EventRounds "4"]
[EventCountry "ESP"]
[SourceTitle "CB22_2025"]
[SourceDate "2025.05.28"]
[SourceVersion "1"]
[SourceVersionDate "2025.05.28"]
[SourceQuality "1"]

1. d4 Nf6 2. c4 e6 3. Nf3 d5 4. Nc3 c5 5. cxd5 cxd4 6. Qxd4 exd5 7. Bg5 Be7 8. e3 0-0 9. Rd1 Nc6 10. Qa4 Be6 11. Bb5 Qb6 12. Bxf6 Bxf6 13. Nxd5 Bxd5 14. Rxd5 Bxb2 15. Ke2 Bf6 16. Rhd1 a6 17. Bc4 Qb4 18. Qxb4 Nxb4 19. Rc5 Rac8 20. Rxc8 Rxc8 21. Bb3 Rc7 22. g4 g6 23. g5 Be7 24. Ne5 Nc6 25. Nxf7 Na5 26. Bd5 Rc2+ 27. Kf3 Kf8 28. h4 Nc4 29. Rd4 b5 30. Rf4 Nd2+ 31. Kg4 Ba3 32. Rf6 Nc4 33. h5 gxh5+ 34. Kxh5 Ke7 35. Nh6 Rxa2 36. Rxa6 Rxf2 37. Bxc4 bxc4 38. Rxa3 Kd6 39. Ng4 Rf3 40. Nf6 Kc5 41. Kg4 Rf1 42. Ra8 Kb4 43. Rc8 Kc3 44. e4 Kd3 45. e5 c3 46. e6 Re1 47. Nd5 Kd2 48. Rxc3 Rxe6 49. Rd3+ Kxd3 50. Nf4+ Ke4 51. Nxe6 Ke5 52. Nf8 h6 53. Ng6+ 1-0

[Event "Catalunya-ch"]
[Site "Salou"]
[Date "2025.05.23"]
[Round "4.1"]
[White "Gines Esteo, Pedro Antonio"]
[Black "Garriga Cazorla, Pere"]
[Result "1-0"]
[WhiteElo "2471"]
[BlackElo "2484"]
[PlyCount "117"]
[EventDate "2025.05.17"]
[EventType "k.o."]
[EventRounds "4"]
[EventCountry "ESP"]
[SourceTitle "CB22_2025"]
[SourceDate "2025.05.28"]
[SourceVersion "1"]
[SourceVersionDate "2025.05.28"]
[SourceQuality "1"]

1. c4 c5 2. Nf3 Nf6 3. Nc3 g6 4. e4 Nc6 5. d4 cxd4 6. Nxd4 Nxd4 7. Qxd4 d6 8. Be2 Bg7 9. Be3 0-0 10. Qd2 Be6 11. 0-0 a5 12. Rad1 a4 13. f4 Qa5 14. Bd4 Qb4 15. a3 Qa5 16. f5 Bd7 17. Qe3 Bc6 18. e5 Nd7 19. exd6 exd6 20. Bxg7 Kxg7 21. Rxd6 Qe5 22. f6+ Kh8 23. Qxe5 Nxe5 24. Rfd1 h5 25. Kf2 Kh7 26. Nd5 Kh6 27. Ne7 h4 28. g3 hxg3+ 29. Kxg3 Kg5 30. h4+ Kh6 31. Kf4 Ra5 32. Rd8 Rxd8 33. Rxd8 Kh7 34. Rf8 Rc5 35. Ke3 b6 36. Kd4 Bd7 37. Nd5 Nc6+ 38. Kc3 Be6 39. Nxb6 Re5 40. Bd1 Re3+ 41. Kd2 Rh3 42. Bxa4 Rh2+ 43. Kc3 Rh3+ 44. Kd2 Rh2+ 45. Ke3 Ne5 46. Bb5 Rxh4 47. a4 Rh1 48. a5 Ra1 49. a6 g5 50. Rd8 g4 51. Kf4 Ng6+ 52. Kg3 Kh6 53. Ba4 Kg5 54. a7 Rh1 55. a8Q Rh3+ 56. Kf2 g3+ 57. Kg1 Nf4 58. Rg8+ Kf5 59. Bc2+ 1-0

[Event "Catalunya-ch"]
[Site "Salou"]
[Date "2025.05.22"]
[Round "3.5"]
[White "Asis Gargatagli, Hipolito"]
[Black "Garriga Cazorla, Pere"]
[Result "0-1"]
[WhiteElo "2448"]
[BlackElo "2484"]
[PlyCount "70"]
[EventDate "2025.05.17"]
[EventType "k.o."]
[EventRounds "4"]
[EventCountry "ESP"]
[SourceTitle "CB22_2025"]
[SourceDate "2025.05.28"]
[SourceVersion "1"]
[SourceVersionDate "2025.05.28"]
[SourceQuality "1"]

1. e4 c5 2. Nf3 Nc6 3. Nc3 Nf6 4. Bb5 Qc7 5. 0-0 Nd4 6. Re1 a6 7. Bf1 e5 8. d3 h6 9. Nd2 Be7 10. Nc4 d6 11. a4 0-0 12. a5 Be6 13. Nb6 Rad8 14. h3 Nc6 15. Bd2 Nb4 16. f4 exf4 17. Bxf4 Qc6 18. Be2 Nd7 19. Bf3 Nxb6 20. axb6 Qxb6 21. Kh1 Bf6 22. Qd2 Nc6 23. Rab1 Ne5 24. Be2 Ng6 25. Be3 Be5 26. Rf1 Qc7 27. Rf2 Qe7 28. Rbf1 Qh4 29. Rf3 b5 30. Bf2 Qg5 31. Be3 Qh4 32. Bf2 Qe7 33. Be3 b4 34. Nd5 Bxd5 35. exd5 Nh4 0-1

[Event "Catalunya-ch"]
[Site "Salou"]
[Date "2025.05.21"]
[Round "3.1"]
[White "Garriga Cazorla, Pere"]
[Black "Asis Gargatagli, Hipolito"]
[Result "1/2-1/2"]
[WhiteElo "2484"]
[BlackElo "2448"]
[PlyCount "29"]
[EventDate "2025.05.17"]
[EventType "k.o."]
[EventRounds "4"]
[EventCountry "ESP"]
[SourceTitle "CB22_2025"]
[SourceDate "2025.05.28"]
[SourceVersion "1"]
[SourceVersionDate "2025.05.28"]
[SourceQuality "1"]

1. d4 Nf6 2. c4 g6 3. Nc3 Bg7 4. e4 d6 5. h3 e5 6. d5 a5 7. Nf3 Na6 8. Be3 Bd7 9. g4 Nc5 10. Nd2 h5 11. g5 Nh7 12. Rg1 0-0 13. Nf3 f6 14. Qd2 fxg5 15. Nxg5 1/2-1/2

[Event "Titled Tuesday intern op 07th Jan Early"]
[Site "Chess.com INT"]
[Date "2025.01.07"]
[Round "1"]
[White "Astafurov, Arseniy"]
[Black "Garriga Cazorla, Pere"]
[Result "0-1"]
[WhiteElo "2263"]
[BlackElo "2491"]
[PlyCount "46"]
[EventDate "2025.01.07"]
[EventType "swiss (blitz)"]
[EventRounds "11"]
[EventCountry "USA"]
[SourceTitle "CB03_2025"]
[SourceDate "2025.01.15"]
[SourceVersion "1"]
[SourceVersionDate "2025.01.15"]
[SourceQuality "1"]

1. Nf3 c5 2. g3 Nc6 3. d4 cxd4 4. Nxd4 g6 5. Bg2 Bg7 6. Nxc6 bxc6 7. c4 Nh6 8. 0-0 0-0 9. Qa4 Nf5 10. Nc3 Qb6 11. Qa3 d6 12. c5 dxc5 13. Na4 Qb4 14. Qxb4 cxb4 15. Bxc6 Rb8 16. Bf4 e5 17. Bd2 Ba6 18. Nc5 Bxe2 19. Rfd1 Bxd1 20. Nd7 Be2 21. Nxb8 Rxb8 22. Rc1 Nd4 23. Be4 Bf3 0-1

[Event "Titled Tuesday intern op 07th Jan Early"]
[Site "Chess.com INT"]
[Date "2025.01.07"]
[Round "6"]
[White "Garriga Cazorla, Pere"]
[Black "Grandelius, Nils"]
[Result "0-1"]
[WhiteElo "2491"]
[BlackElo "2639"]
[PlyCount "50"]
[EventDate "2025.01.07"]
[EventType "swiss (blitz)"]
[EventRounds "11"]
[EventCountry "USA"]
[SourceTitle "CB03_2025"]
[SourceDate "2025.01.15"]
[SourceVersion "1"]
[SourceVersionDate "2025.01.15"]
[SourceQuality "1"]

1. d4 d5 2. c4 e6 3. Nc3 Nc6 4. Nf3 a6 5. e3 Nf6 6. Bd3 dxc4 7. Bxc4 Bd6 8. 0-0 0-0 9. a3 e5 10. h3 h6 11. Ba2 exd4 12. exd4 Bf5 13. Re1 Re8 14. Bd2 Qd7 15. Rxe8+ Rxe8 16. Qf1 Ne4 17. Be3 Nxc3 18. bxc3 Bxa3 19. d5 Ne5 20. Nxe5 Rxe5 21. Bd4 Re8 22. Qc4 Bd6 23. Rd1 Bxh3 24. gxh3 Qxh3 25. Qf1 Qh2# 0-1

[Event "Barcelona Sants op 25th"]
[Site "Barcelona"]
[Date "2024.08.31"]
[Round "9"]
[White "Garriga Cazorla, Pere"]
[Black "Lamard, Guillaume"]
[Result "1-0"]
[WhiteElo "2467"]
[BlackElo "2510"]
[PlyCount "95"]
[EventDate "2024.08.23"]
[EventType "swiss"]
[EventRounds "10"]
[EventCountry "ESP"]
[SourceTitle "CBM 221 Extra"]
[Source "ChessBase"]
[SourceDate "2024.09.30"]
[SourceVersion "1"]
[SourceVersionDate "2024.09.30"]
[SourceQuality "1"]

1. d4 Nf6 2. c4 g6 3. Nc3 d5 4. Nf3 Bg7 5. h4 dxc4 6. e4 c5 7. d5 b5 8. h5 Nxh5 9. Nxb5 0-0 10. Bxc4 Bg4 11. Qc2 a6 12. Nc3 Bxf3 13. gxf3 Qd6 14. Rxh5 gxh5 15. f4 Nd7 16. Be3 Rfb8 17. e5 Nxe5 18. fxe5 Qxe5 19. Kd2 Rb4 20. b3 Rb6 21. Rh1 Rg6 22. Ne2 Rd8 23. Nf4 Rh6 24. Rg1 Qf6 25. Ke2 h4 26. Qe4 h3 27. Rh1 h2 28. Qg2 Qh4 29. Nd3 Rh5 30. Bf4 Qf6 31. Rxh2 Rf5 32. Qe4 a5 33. Rg2 Kh8 34. Bc1 e5 35. Bb2 Rh5 36. f4 Qh4 37. Nxe5 Bxe5 38. Bxe5+ f6 39. Bc3 Rh6 40. Kd2 Qh1 41. Bxf6+ Rxf6 42. Rg8+ Rxg8 43. Qxh1 Rxf4 44. Bd3 Rg7 45. Qh5 Rd4 46. Qe8+ Rg8 47. Qe5+ Rg7 48. d6 1-0

[Event "Barcelona Sants op 25th"]
[Site "Barcelona"]
[Date "2024.08.30"]
[Round "8"]
[White "Piorun, Kacper"]
[Black "Garriga Cazorla, Pere"]
[Result "1/2-1/2"]
[WhiteElo "2603"]
[BlackElo "2467"]
[PlyCount "70"]
[EventDate "2024.08.23"]
[EventType "swiss"]
[EventRounds "10"]
[EventCountry "ESP"]
[SourceTitle "CBM 221 Extra"]
[Source "ChessBase"]
[SourceDate "2024.09.30"]
[SourceVersion "1"]
[SourceVersionDate "2024.09.30"]
[SourceQuality "1"]

1. d4 Nf6 2. c4 e6 3. Nf3 d5 4. g3 Be7 5. Bg2 0-0 6. 0-0 dxc4 7. Ne5 Nc6 8. Bxc6 bxc6 9. Nxc6 Qe8 10. Nxe7+ Qxe7 11. Qc2 e5 12. Rd1 exd4 13. Rxd4 Qe5 14. Rxc4 Re8 15. Nc3 Ba6 16. Bf4 Qh5 17. Rxc7 Bxe2 18. Nxe2 Rxe2 19. Rc8+ Rxc8 20. Qxc8+ Re8 21. Rc1 h6 22. Qc6 Re2 23. Be3 Kh7 24. a4 a6 25. b4 Qf5 26. Qc4 Rb2 27. Bd4 Ne4 28. Qxa6 Qf3 29. Qb6 Ra2 30. Be3 h5 31. Qd4 Re2 32. Rf1 h4 33. gxh4 f5 34. Qd5 Qg4+ 35. Kh1 Qf3+ 1/2-1/2

[Event "Barcelona Sants op 25th"]
[Site "Barcelona"]
[Date "2024.08.28"]
[Round "6"]
[White "Alsina Leal, Daniel"]
[Black "Garriga Cazorla, Pere"]
[Result "0-1"]
[WhiteElo "2493"]
[BlackElo "2467"]
[PlyCount "82"]
[EventDate "2024.08.23"]
[EventType "swiss"]
[EventRounds "10"]
[EventCountry "ESP"]
[SourceTitle "CBM 221 Extra"]
[Source "ChessBase"]
[SourceDate "2024.09.30"]
[SourceVersion "1"]
[SourceVersionDate "2024.09.30"]
[SourceQuality "1"]

1. e4 c5 2. Nf3 Nc6 3. Bb5 Nf6 4. Bxc6 dxc6 5. d3 Qc7 6. e5 Nd5 7. c4 Nb4 8. a3 Na6 9. Qe2 Bf5 10. 0-0 h6 11. Bf4 g5 12. Bg3 Qd7 13. Rd1 Nc7 14. e6 Nxe6 15. Qe5 Ng7 16. Nc3 f6 17. Qxc5 h5 18. h4 g4 19. Nd2 e5 20. Qa5 b6 21. Qa4 Ne6 22. Nde4 Be7 23. b4 Nd4 24. b5 cxb5 25. Nxb5 Kf7 26. Nec3 Nxb5 27. Qxb5 Rhd8 28. Qxd7 Rxd7 29. Nd5 Bc5 30. Kf1 Be6 31. Nc3 Rad8 32. Ke2 Bd4 33. Rac1 f5 34. Bh2 Kf6 35. Bg1 Bc5 36. a4 e4 37. Nd5+ Bxd5 38. cxd5 Rxd5 39. dxe4 Rxd1 40. Rxd1 Rxd1 41. Kxd1 g3 0-1

[Event "Barcelona Sants op 25th"]
[Site "Barcelona"]
[Date "2024.08.27"]
[Round "5"]
[White "Garriga Cazorla, Pere"]
[Black "Barrish, Daniel"]
[Result "1-0"]
[WhiteElo "2467"]
[BlackElo "2281"]
[PlyCount "89"]
[EventDate "2024.08.23"]
[EventType "swiss"]
[EventRounds "10"]
[EventCountry "ESP"]
[SourceTitle "CBM 221 Extra"]
[Source "ChessBase"]
[SourceDate "2024.09.30"]
[SourceVersion "1"]
[SourceVersionDate "2024.09.30"]
[SourceQuality "1"]

1. d4 Nf6 2. c4 e6 3. Nf3 d5 4. Nc3 Bb4 5. cxd5 exd5 6. Bg5 h6 7. Bh4 0-0 8. e3 Bf5 9. Be2 Nbd7 10. Qb3 Bxc3+ 11. Qxc3 Ne4 12. Qb4 g5 13. Bg3 Nb6 14. Rc1 a5 15. Qb3 Nxg3 16. hxg3 Qd6 17. Ne5 Kg7 18. Bd3 Bxd3 19. Qxd3 c6 20. Qf5 Rae8 21. Ke2 Qe6 22. g4 Nc8 23. Rh5 Ne7 24. Qxe6 fxe6 25. Rch1 Ng8 26. g3 c5 27. dxc5 Rc8 28. f4 Rxc5 29. Nd7 Rc2+ 30. Kd3 Rfc8 31. fxg5 Rxb2 32. gxh6+ Kh7 33. Rg5 Rcc2 34. Nf8+ Kh8 35. Rxg8+ Kxg8 36. h7+ Kf7 37. h8Q Rd2+ 38. Kc3 d4+ 39. exd4 Rbc2+ 40. Kb3 Rb2+ 41. Kc4 Rbc2+ 42. Kb5 Rb2+ 43. Kc5 Rdc2+ 44. Kd6 Rb6+ 45. Kd7 1-0

[Event "Andorra op 40th"]
[Site "Escaldes"]
[Date "2024.07.28"]
[Round "9"]
[White "Garriga Cazorla, Pere"]
[Black "Serra Pages, Jordi"]
[Result "1-0"]
[WhiteElo "2471"]
[BlackElo "2192"]
[PlyCount "81"]
[EventDate "2024.07.20"]
[EventType "swiss"]
[EventRounds "9"]
[EventCountry "AND"]
[SourceTitle "CBM 221 Extra"]
[Source "ChessBase"]
[SourceDate "2024.09.30"]
[SourceVersion "1"]
[SourceVersionDate "2024.09.30"]
[SourceQuality "1"]

1. d4 d5 2. c4 e6 3. Nc3 Nf6 4. Nf3 c5 5. cxd5 Nxd5 6. e4 Nxc3 7. bxc3 cxd4 8. cxd4 Bb4+ 9. Bd2 Bxd2+ 10. Qxd2 0-0 11. Bc4 Nd7 12. 0-0 b6 13. Rad1 Bb7 14. Rfe1 Rc8 15. Bd3 Re8 16. h4 Nf6 17. Qg5 h6 18. Qf4 Re7 19. d5 exd5 20. e5 Nd7 21. Qf5 Nf8 22. Nd4 Rc5 23. Qg4 Bc8 24. Qg3 f6 25. f4 fxe5 26. fxe5 Qc7 27. Kh2 a6 28. Re2 Rf7 29. h5 Rc3 30. Re3 Kh8 31. e6 Qxg3+ 32. Kxg3 Re7 33. Rf1 Nh7 34. Ne2 Rxd3 35. Rxd3 Bxe6 36. Re3 Rf7 37. Nf4 Nf8 38. Rfe1 Bf5 39. Re7 Rf6 40. Nxd5 Rd6 41. Rf7 1-0

[Event "Andorra op 40th"]
[Site "Escaldes"]
[Date "2024.07.23"]
[Round "4"]
[White "Romanov, Evgeny"]
[Black "Garriga Cazorla, Pere"]
[Result "1-0"]
[WhiteElo "2563"]
[BlackElo "2471"]
[PlyCount "110"]
[EventDate "2024.07.20"]
[EventType "swiss"]
[EventRounds "9"]
[EventCountry "AND"]
[SourceTitle "CBM 221 Extra"]
[Source "ChessBase"]
[SourceDate "2024.09.30"]
[SourceVersion "1"]
[SourceVersionDate "2024.09.30"]
[SourceQuality "1"]

1. e4 c5 2. Nf3 Nc6 3. Bb5 a6 4. Bxc6 dxc6 5. d3 Qc7 6. a4 a5 7. d4 cxd4 8. Qxd4 Bg4 9. Nbd2 Nf6 10. 0-0 Bxf3 11. Nxf3 Rd8 12. Qc4 e6 13. Bd2 Be7 14. e5 Nd7 15. Bc3 0-0 16. Qg4 Nc5 17. Rfe1 Rd5 18. Nd2 Rfd8 19. Nc4 Na6 20. h4 Nb4 21. Qe4 Bc5 22. Ra3 Rd1 23. Ra1 Rxe1+ 24. Rxe1 b5 25. axb5 cxb5 26. Nd6 Nd5 27. Bd4 Bxd6 28. exd6 Qxd6 29. Qg4 Qf8 30. c3 Ne7 31. Bb6 Ra8 32. Re5 Qe8 33. Bd4 Ng6 34. Rc5 e5 35. Be3 Nf8 36. h5 f6 37. Rc7 Ne6 38. Bh6 g6 39. hxg6 hxg6 40. Rb7 Rd8 41. Qe4 Nc5 42. Rg7+ Kh8 43. Qh4 Rd1+ 44. Kh2 g5 45. Bxg5+ Kxg7 46. Bxf6+ Kg6 47. Qg5+ Kf7 48. Qh5+ Kf8 49. Qxd1 Qe6 50. Qf3 Ke8 51. Qh5+ Kd7 52. Bxe5 Kc6 53. Bd4 Nd7 54. f4 Qe4 55. f5 Kd5 1-0

[Event "San Vicente op 8th"]
[Site "San Vicente"]
[Date "2024.03.31"]
[Round "8"]
[White "Balajayeva, Khanim Asad Qizi"]
[Black "Garriga Cazorla, Pere"]
[Result "0-1"]
[WhiteElo "2350"]
[BlackElo "2460"]
[PlyCount "62"]
[EventDate "2024.03.27"]
[EventType "swiss"]
[EventRounds "9"]
[EventCountry "ESP"]
[SourceTitle "CBM 219 Extra"]
[Source "ChessBase"]
[SourceDate "2024.05.31"]
[SourceVersion "1"]
[SourceVersionDate "2024.05.31"]
[SourceQuality "1"]

1. e4 c5 2. Nf3 d6 3. Bb5+ Nd7 4. 0-0 a6 5. Bd3 Ngf6 6. Re1 e6 7. Bf1 b6 8. d4 cxd4 9. Nxd4 Bb7 10. Nd2 Be7 11. c4 0-0 12. a3 Rc8 13. b4 Re8 14. Bb2 Qc7 15. h3 Qb8 16. Qb3 Bd8 17. Rad1 Bc7 18. f4 Nf8 19. N4f3 Nh5 20. f5 h6 21. g4 Nf4 22. Qe3 e5 23. Nb1 b5 24. cxb5 Ba8 25. bxa6 d5 26. a7 Qb7 27. Nxe5 Rxe5 28. Qxf4 Rxe4 29. Qd2 Qxa7+ 30. Kg2 d4 31. Kf2 d3+ 0-1

[Event "San Vicente op 8th"]
[Site "San Vicente"]
[Date "2024.03.29"]
[Round "4"]
[White "Trigo Urquijo, Sergio"]
[Black "Garriga Cazorla, Pere"]
[Result "1/2-1/2"]
[WhiteElo "2387"]
[BlackElo "2460"]
[PlyCount "48"]
[EventDate "2024.03.27"]
[EventType "swiss"]
[EventRounds "9"]
[EventCountry "ESP"]
[SourceTitle "CBM 219 Extra"]
[Source "ChessBase"]
[SourceDate "2024.05.31"]
[SourceVersion "1"]
[SourceVersionDate "2024.05.31"]
[SourceQuality "1"]

1. d4 g6 2. e4 Bg7 3. Nf3 d6 4. c3 Nf6 5. Bd3 0-0 6. 0-0 Nc6 7. Re1 e5 8. d5 Nb8 9. c4 a5 10. Nc3 Na6 11. Rb1 Nd7 12. a3 f5 13. b4 f4 14. Nd2 g5 15. Be2 Nf6 16. g4 h5 17. h3 Bd7 18. f3 axb4 19. axb4 c6 20. dxc6 bxc6 21. b5 Nc5 22. Nb3 Nxb3 23. Rxb3 hxg4 24. hxg4 Qb6+ 1/2-1/2

[Event "Catalunya-chT Gp2 Final"]
[Site "Barcelona"]
[Date "2024.03.09"]
[Round "1.1"]
[White "Garriga Cazorla, Pere"]
[Black "Alvarado Diaz, Alejandro"]
[Result "1-0"]
[WhiteElo "2460"]
[BlackElo "2489"]
[PlyCount "149"]
[EventDate "2024.03.09"]
[EventType "team-k.o."]
[EventRounds "4"]
[EventCountry "ESP"]
[SourceTitle "CBM 220 Extra"]
[Source "ChessBase"]
[SourceDate "2024.07.31"]
[SourceVersion "1"]
[SourceVersionDate "2024.07.31"]
[SourceQuality "1"]
[WhiteTeam "Mollet"]
[BlackTeam "Llinars"]
[WhiteTeamCountry "ESP"]
[BlackTeamCountry "ESP"]

1. d4 Nf6 2. c4 e6 3. Nf3 d5 4. Nc3 Bb4 5. cxd5 exd5 6. Bg5 h6 7. Bh4 0-0 8. e3 Bf5 9. Be2 c6 10. Qb3 Bxc3+ 11. Qxc3 Nbd7 12. Nd2 Re8 13. 0-0 Re6 14. Bg3 Bg6 15. h3 a5 16. Rfc1 Qe7 17. a3 b5 18. b3 Nb6 19. Bh4 Bf5 20. Bd1 g5 21. Bg3 Nfd7 22. Nf3 f6 23. Nd2 Kg7 24. Bc7 Ra7 25. Bxb6 Nxb6 26. Qc5 Qc7 27. Bc2 Bxc2 28. Qxc2 a4 29. bxa4 Rxa4 30. Nf1 Nc8 31. Ng3 Ne7 32. Qd3 Rc4 33. a4 Rxa4 34. Rxa4 bxa4 35. Qa6 Kg6 36. Qxa4 h5 37. Qc2+ Kh6 38. Nxh5 Ng6 39. Ng3 Nh4 40. Qe2 Qf7 41. Qa6 Qe8 42. Qd3 Qg6 43. Qxg6+ Kxg6 44. Nf1 Kf7 45. Nd2 Ke7 46. Nb3 f5 47. Nc5 Rf6 48. Ra1 f4 49. Ra7+ Ke8 50. Rg7 fxe3 51. fxe3 Rg6 52. Rxg6 Nxg6 53. Ne6 g4 54. hxg4 Ke7 55. Nf4 Nf8 56. Kf2 Kf6 57. Kg3 Kg5 58. Nh3+ Kg6 59. g5 Kf5 60. Kf3 Nd7 61. g4+ Kg6 62. Kf4 c5 63. dxc5 Nxc5 64. Ke5 Na4 65. Kxd5 Nc3+ 66. Kd4 Ne2+ 67. Ke5 Ng3 68. e4 Nf1 69. Kf4 Nd2 70. Ng1 Nb3 71. Nf3 Nc5 72. Nh4+ Kf7 73. Kf5 Ne6 74. g6+ Ke7 75. Ke5 1-0

[Event "SWE-chT 2324 Elite"]
[Site "Sweden"]
[Date "2024.03.04"]
[Round "4.26"]
[White "Holm, Kristian Stuvik"]
[Black "Garriga Cazorla, Pere"]
[Result "1-0"]
[WhiteElo "2484"]
[BlackElo "2466"]
[PlyCount "91"]
[EventDate "2023.10.13"]
[EventType "team-tourn"]
[EventRounds "9"]
[EventCountry "SWE"]
[SourceTitle "EXT 2025"]
[Source "ChessBase"]
[SourceDate "2024.10.14"]
[SourceVersion "1"]
[SourceVersionDate "2024.10.14"]
[SourceQuality "1"]
[WhiteTeam "Lunds"]
[BlackTeam "Limhamn"]
[WhiteTeamCountry "SWE"]
[BlackTeamCountry "SWE"]

1. c4 g6 2. d4 Bg7 3. Nf3 Nf6 4. Nc3 c5 5. d5 d6 6. e4 0-0 7. Be2 e6 8. Be3 Ng4 9. Bg5 f6 10. Bd2 e5 11. h3 Nh6 12. Qc1 Nf7 13. g4 f5 14. Rg1 fxe4 15. Nxe4 b5 16. Nfg5 Nxg5 17. Bxg5 Qc7 18. cxb5 Bb7 19. Qd2 Nd7 20. b4 c4 21. a4 Rf4 22. f3 Raf8 23. Rf1 Kh8 24. Rc1 h6 25. Rxc4 Qb8 26. Bxf4 exf4 27. Rc6 Qd8 28. Kd1 Qe7 29. Rc7 Ba8 30. Bc4 Qd8 31. Rxa7 Be5 32. a5 Qb8 33. b6 Rc8 34. Ba6 Nxb6 35. axb6 Qxb6 36. Bxc8 Qxa7 37. Ke2 Bxd5 38. Rc1 Bxe4 39. fxe4 Qa3 40. g5 Qg3 41. Bg4 Qg2+ 42. Kd3 Qg3+ 43. Kc4 Qa3 44. Kb5 Qa7 45. Rc8+ Kh7 46. Qd5 1-0

[Event "Titled Tuesday intern op 27th Feb Early"]
[Site "Chess.com INT"]
[Date "2024.02.27"]
[Round "2"]
[White "Preobrazhenskaya, Diana"]
[Black "Garriga Cazorla, Pere"]
[Result "0-1"]
[WhiteElo "1859"]
[BlackElo "2461"]
[PlyCount "66"]
[EventDate "2024.02.27"]
[EventType "swiss (blitz)"]
[EventRounds "11"]
[EventCountry "USA"]
[SourceTitle "EXT 2025"]
[Source "ChessBase"]
[SourceDate "2024.10.14"]
[SourceVersion "1"]
[SourceVersionDate "2024.10.14"]
[SourceQuality "1"]

1. e4 c5 2. Nf3 d6 3. d4 cxd4 4. Nxd4 Nf6 5. Nc3 a6 6. Bg5 Nbd7 7. Bc4 Qb6 8. 0-0 Qxb2 9. Qd2 Qb4 10. Bb3 e6 11. Kh1 Be7 12. Rfe1 Nc5 13. Rab1 Qa5 14. f4 h6 15. Bxf6 Bxf6 16. f5 0-0 17. Qe3 Bd7 18. Bc4 Rac8 19. fxe6 Nxe6 20. Nxe6 fxe6 21. Rxb7 Rxc4 22. Rxd7 Rxc3 23. Qd2 Be5 24. g3 Qc5 25. Qe2 Rxc2 26. Qg4 Qc4 27. Rg1 Re2 28. h3 Qxe4+ 29. Qxe4 Rxe4 30. Rg2 h5 31. Kh2 h4 32. Kg1 Re1+ 33. Kh2 hxg3+ 0-1

[Event "Titled Tuesday intern op 13th Feb Late"]
[Site "Chess.com INT"]
[Date "2024.02.13"]
[Round "4"]
[White "Quesada Perez, Yuniesky"]
[Black "Garriga Cazorla, Pere"]
[Result "1-0"]
[WhiteElo "2591"]
[BlackElo "2461"]
[PlyCount "85"]
[EventDate "2024.02.13"]
[EventType "swiss (blitz)"]
[EventRounds "11"]
[EventCountry "USA"]
[SourceTitle "CBM 218 Extra"]
[Source "ChessBase"]
[SourceDate "2024.03.31"]
[SourceVersion "1"]
[SourceVersionDate "2024.03.31"]
[SourceQuality "1"]

1. e4 c5 2. Nf3 d6 3. d4 cxd4 4. Nxd4 Nf6 5. Nc3 a6 6. Be3 e5 7. Nb3 Be6 8. f3 h5 9. Nd5 Bxd5 10. exd5 Nbd7 11. Qd2 g6 12. Be2 Bg7 13. 0-0-0 0-0 14. Kb1 a5 15. a4 Qc7 16. Bb5 Nb6 17. Bf2 Rfc8 18. Bxb6 Qxb6 19. h4 e4 20. c3 Kh7 21. Rhe1 Rc7 22. fxe4 Ng4 23. Nd4 Re7 24. Qf4 Be5 25. Qg5 Bf6 26. Qf4 Be5 27. Qd2 Rc8 28. Re2 Bg7 29. Nf3 Bh6 30. Qd3 Qc7 31. e5 Nxe5 32. Nxe5 Rxe5 33. Rxe5 dxe5 34. d6 Qc5 35. Qf3 Kg7 36. Qxb7 Rd8 37. Qe7 Qb6 38. Be8 Rb8 39. Qxf7+ Kh8 40. Bb5 e4 41. Qxg6 Bg7 42. Qxh5+ Kg8 43. Bc4+ 1-0